[Event "DVM U20 2023"]
[Site "Magdeburg GER"]
[Date "2023.12.27"]
[Round "2"]
[White "Helmbrecht, Paul"]
[Black "Meyer, Emil"]
[Result "0-1"]
[Termination "normal"]
[Board "3.4"]
[WhiteElo "1712"]
[BlackElo "1919"]
[WhiteClock "00:22:55"]
[BlackClock "00:27:00"]
[WhiteTeam "FC Ergolding 1932"]
[BlackTeam "SK Münster 32"]
[PlyCount "57"]
[WhiteFideId "16270932"]
[BlackFideId "34625771"]
[EventCountry "GER"]
[EventRounds "7"]
[EventType "team-swiss"]
[EventDate "2023.12.26"]

1. c4 {[%clk 01:30:54]} {[%emt 00:00:05]} e5 {[%clk 01:30:51]} {[%emt
00:00:11]} 2. g3 {[%clk 01:31:21]} {[%emt 00:00:04]} Nf6 {[%clk 01:31:15]}
{[%emt 00:00:04]} 3. Bg2 {[%clk 01:31:47]} {[%emt 00:00:05]} d5 {[%clk
01:31:40]} {[%emt 00:00:05]} 4. cxd5 {[%clk 01:32:13]} {[%emt 00:00:05]} Nxd5
{[%clk 01:32:05]} {[%emt 00:00:04]} 5. Nc3 {[%clk 01:32:37]} {[%emt 00:00:06]}
Nb6 {[%clk 01:32:30]} {[%emt 00:00:05]} 6. d3 {[%clk 01:33:03]} {[%emt
00:00:05]} Nc6 {[%clk 01:32:53]} {[%emt 00:00:05]} 7. Nf3 {[%clk 01:33:29]}
{[%emt 00:00:06]} Be7 {[%clk 01:33:18]} {[%emt 00:00:05]} 8. O-O {[%clk
01:33:54]} {[%emt 00:00:05]} O-O {[%clk 01:33:43]} {[%emt 00:00:05]} 9. Be3
{[%clk 01:34:05]} {[%emt 00:00:19]} Re8 {[%clk 01:33:42]} {[%emt 00:00:31]} 10.
a3 {[%clk 01:33:57]} {[%emt 00:00:37]} Bf8 {[%clk 01:34:00]} {[%emt 00:00:13]}
11. Rc1 {[%clk 01:34:01]} {[%emt 00:00:26]} Be6 {[%clk 01:27:37]} {[%emt
00:06:52]} 12. Ng5 {[%clk 01:31:30]} {[%emt 00:03:02]} Bd7 {[%clk 01:21:38]}
{[%emt 00:06:28]} 13. Nge4 {[%clk 01:27:34]} {[%emt 00:04:26]} Nd4 {[%clk
01:17:16]} {[%emt 00:04:52]} 14. b4 {[%clk 01:18:47]} {[%emt 00:09:18]} a5
{[%clk 01:16:44]} {[%emt 00:00:59]} 15. Nc5 {[%clk 01:19:05]} {[%emt 00:00:14]}
axb4 {[%clk 01:10:53]} {[%emt 00:06:22]} 16. axb4 {[%clk 01:18:57]} {[%emt
00:00:38]} Bxc5 {[%clk 00:54:16]} {[%emt 00:17:07]} 17. bxc5 {[%clk 01:19:20]}
{[%emt 00:00:06]} Na4 {[%clk 00:54:17]} {[%emt 00:00:30]} 18. Bxb7 {[%clk
01:10:56]} {[%emt 00:08:55]} Nxc3 {[%clk 00:44:50]} {[%emt 00:09:56]} 19. Rxc3
{[%clk 01:10:27]} {[%emt 00:01:01]} Ra2 {[%clk 00:40:52]} {[%emt 00:04:27]} 20.
Bxd4 {[%clk 00:48:25]} {[%emt 00:22:33]} exd4 {[%clk 00:41:12]} {[%emt
00:00:08]} 21. Rc4 {[%clk 00:48:43]} {[%emt 00:00:12]} Bb5 {[%clk 00:40:46]}
{[%emt 00:00:56]} 22. Rb4 {[%clk 00:39:07]} {[%emt 00:10:07]} c6 {[%clk
00:40:41]} {[%emt 00:00:35]} 23. Qb3 {[%clk 00:37:48]} {[%emt 00:01:49]} Raxe2
{[%clk 00:30:22]} {[%emt 00:10:48]} 24. Qa3 {[%clk 00:27:55]} {[%emt 00:10:23]}
Qc7 {[%clk 00:28:54]} {[%emt 00:01:59]} 25. Rxb5 {[%clk 00:23:17]} {[%emt
00:05:07]} cxb5 {[%clk 00:29:13]} {[%emt 00:00:11]} 26. Bf3 {[%clk 00:23:13]}
{[%emt 00:00:35]} Rc2 {[%clk 00:27:37]} {[%emt 00:02:04]} 27. c6 {[%clk
00:22:39]} {[%emt 00:01:06]} Rc3 {[%clk 00:27:23]} {[%emt 00:00:43]} 28. Qb4
{[%clk 00:22:34]} {[%emt 00:00:34]} Rxd3 {[%clk 00:27:00]} {[%emt 00:00:53]}
29. Qxb5 {[%clk 00:22:55]} {[%emt 00:00:09]} 0-1

[Event "DVM U20 2023"]
[Site "Magdeburg GER"]
[Date "2023.12.27"]
[Round "2"]
[White "Klugstedt, Vincent"]
[Black "Lichtinger, Simon"]
[Result "0-1"]
[Termination "normal"]
[Board "3.5"]
[WhiteElo "1984"]
[BlackElo "1709"]
[WhiteClock "00:27:51"]
[BlackClock "00:26:19"]
[WhiteTeam "SK Münster 32"]
[BlackTeam "FC Ergolding 1932"]
[PlyCount "86"]
[WhiteFideId "16216393"]
[BlackFideId "16230442"]
[EventCountry "GER"]
[EventRounds "7"]
[EventType "team-swiss"]
[EventDate "2023.12.26"]

1. d4 {[%clk 01:30:57]} {[%emt 00:00:02]} Nf6 {[%clk 01:30:55]} {[%emt
00:00:06]} 2. c4 {[%clk 01:31:10]} {[%emt 00:00:17]} g6 {[%clk 01:31:19]}
{[%emt 00:00:06]} 3. Nc3 {[%clk 01:31:28]} {[%emt 00:00:13]} Bg7 {[%clk
01:31:45]} {[%emt 00:00:04]} 4. e4 {[%clk 01:31:50]} {[%emt 00:00:09]} d6
{[%clk 01:32:11]} {[%emt 00:00:05]} 5. f3 {[%clk 01:31:33]} {[%emt 00:00:46]}
Nfd7 {[%clk 01:32:30]} {[%emt 00:00:11]} 6. Be3 {[%clk 01:30:42]} {[%emt
00:01:20]} e5 {[%clk 01:32:57]} {[%emt 00:00:04]} 7. d5 {[%clk 01:26:24]}
{[%emt 00:04:47]} Bh6 {[%clk 01:33:21]} {[%emt 00:00:06]} 8. Qd2 {[%clk
01:25:29]} {[%emt 00:01:26]} Bxe3 {[%clk 01:32:27]} {[%emt 00:01:24]} 9. Qxe3
{[%clk 01:25:48]} {[%emt 00:00:11]} a5 {[%clk 01:32:47]} {[%emt 00:00:09]} 10.
Qh6 {[%emt 00:07:16]} Qf6 {[%clk 01:30:43]} {[%emt 00:02:23]} 11. Bd3 {[%clk
01:18:28]} {[%emt 00:03:13]} Nc5 {[%clk 01:26:39]} {[%emt 00:04:36]} 12. Bc2
{[%clk 01:18:21]} {[%emt 00:00:36]} Bd7 {[%clk 01:24:31]} {[%emt 00:02:39]} 13.
Nge2 {[%clk 01:16:29]} {[%emt 00:02:20]} Nba6 {[%clk 01:22:27]} {[%emt
00:02:36]} 14. a3 {[%clk 01:16:05]} {[%emt 00:00:55]} a4 {[%clk 01:20:58]}
{[%emt 00:01:58]} 15. O-O {[%clk 01:15:55]} {[%emt 00:00:40]} Qe7 {[%clk
00:57:57]} {[%emt 00:23:31]} 16. f4 {[%clk 01:07:04]} {[%emt 00:09:20]} O-O-O
{[%clk 00:48:05]} {[%emt 00:10:21]} 17. fxe5 {[%clk 01:06:00]} {[%emt
00:01:34]} dxe5 {[%clk 00:44:05]} {[%emt 00:04:31]} 18. Rf2 {[%clk 01:02:12]}
{[%emt 00:04:17]} f6 {[%clk 00:36:43]} {[%emt 00:07:53]} 19. Raf1 {[%clk
01:00:58]} {[%emt 00:01:44]} Rdf8 {[%clk 00:36:52]} {[%emt 00:00:20]} 20. Qh4
{[%clk 01:00:18]} {[%emt 00:01:11]} Rf7 {[%clk 00:34:59]} {[%emt 00:02:24]} 21.
Rxf6 {[%clk 00:56:53]} {[%emt 00:03:54]} Bf5 {[%clk 00:34:46]} {[%emt
00:00:43]} 22. Rxa6 {[%clk 00:52:05]} {[%emt 00:05:19]} Qxh4 {[%clk 00:22:26]}
{[%emt 00:12:50]} 23. Ra8+ {[%clk 00:52:18]} {[%emt 00:00:17]} Kd7 {[%clk
00:22:50]} {[%emt 00:00:05]} 24. Rxh8 {[%clk 00:52:37]} {[%emt 00:00:12]} Qf6
{[%clk 00:18:15]} {[%emt 00:05:04]} 25. Ra8 {[%emt 00:05:08]} Qb6 {[%clk
00:18:06]} {[%emt 00:00:24]} 26. Kh1 {[%clk 00:44:06]} {[%emt 00:04:40]} Qxb2
{[%clk 00:11:22]} {[%emt 00:07:12]} 27. Bd1 {[%clk 00:35:29]} {[%emt 00:09:10]}
Qd2 {[%clk 00:06:12]} {[%emt 00:05:38]} 28. exf5 {[%clk 00:31:37]} {[%emt
00:04:22]} Rxf5 {[%clk 00:04:41]} {[%emt 00:02:02]} 29. Rg1 {[%clk 00:30:54]}
{[%emt 00:01:13]} Nd3 {[%clk 00:03:00]} {[%emt 00:02:10]} 30. Ne4 {[%clk
00:30:14]} {[%emt 00:01:11]} Qe3 {[%emt 00:02:55]} 31. N2g3 {[%clk 00:28:30]}
{[%emt 00:02:12]} Rf4 {[%clk 00:00:38]} {[%emt 00:00:29]} 32. Bxa4+ {[%clk
00:26:33]} {[%emt 00:02:27]} Ke7 {[%clk 00:01:03]} {[%emt 00:00:04]} 33. Re8+
{[%clk 00:20:15]} {[%emt 00:06:48]} Kf7 {[%clk 00:01:25]} {[%emt 00:00:08]} 34.
Ng5+ {[%clk 00:20:32]} {[%emt 00:00:13]} Kg7 {[%clk 00:01:35]} {[%emt
00:00:20]} 35. Nh3 {[%clk 00:20:33]} {[%emt 00:00:30]} Rh4 {[%clk 00:00:40]}
{[%emt 00:01:24]} 36. Bd1 {[%clk 00:19:09]} {[%emt 00:01:56]} Nf2+ {[%clk
00:00:37]} {[%emt 00:00:32]} 37. Nxf2 {[%clk 00:19:25]} {[%emt 00:00:14]} Qxf2
{[%clk 00:01:03]} {[%emt 00:00:04]} 38. Nf1 {[%clk 00:19:04]} {[%emt 00:00:51]}
Qf4 {[%clk 00:00:39]} {[%emt 00:00:54]} 39. Re7+ {[%clk 00:17:39]} {[%emt
00:01:56]} Kh6 {[%clk 00:00:41]} {[%emt 00:00:27]} 40. Rxc7 {[%clk 00:17:18]}
{[%emt 00:00:53]} e4 {[%clk 00:00:32]} {[%emt 00:00:39]} 41. Rxb7 {[%clk
00:16:18]} {[%emt 00:01:29]} e3 {[%clk 00:28:56]} {[%emt 00:02:05]} 42. Re7
{[%clk 00:28:12]} {[%emt 00:18:36]} Qxc4 {[%clk 00:26:19]} {[%emt 00:03:07]}
43. Nxe3 {[%clk 00:27:51]} {[%emt 00:00:50]} Rxh2+ {[%emt 00:00:17]} 0-1

[Event "DVM U20 2023"]
[Site "Magdeburg GER"]
[Date "2023.12.27"]
[Round "2"]
[White "Karlinger De la Quintana, Ainhoa"]
[Black "Kvantaliani, Saba"]
[Result "0-1"]
[Termination "normal"]
[Board "3.6"]
[WhiteElo "1348"]
[BlackElo "1963"]
[WhiteClock "00:12:17"]
[BlackClock "00:03:12"]
[WhiteTeam "FC Ergolding 1932"]
[BlackTeam "SK Münster 32"]
[PlyCount "62"]
[WhiteFideId "16217268"]
[BlackFideId "16284364"]
[EventCountry "GER"]
[EventRounds "7"]
[EventType "team-swiss"]
[EventDate "2023.12.26"]

1. b4 {[%clk 01:30:54]} {[%emt 00:00:06]} e5 {[%clk 01:30:25]} {[%emt
00:00:36]} 2. Bb2 {[%clk 01:31:17]} {[%emt 00:00:07]} Bxb4 {[%clk 01:20:17]}
{[%emt 00:10:38]} 3. Bxe5 {[%clk 01:31:37]} {[%emt 00:00:10]} Nf6 {[%clk
01:20:40]} {[%emt 00:00:07]} 4. Nf3 {[%clk 01:31:22]} {[%emt 00:00:44]} d5
{[%clk 01:18:05]} {[%emt 00:01:41]} 5. e3 {[%emt 00:02:35]} O-O {[%emt
00:00:46]} 6. c4 {[%emt 00:00:37]} c6 {[%clk 01:12:04]} {[%emt 00:05:49]} 7.
Bb2 {[%emt 00:01:13]} Nbd7 {[%emt 00:03:19]} 8. Nc3 {[%emt 00:04:03]} Nc5
{[%emt 00:01:54]} 9. cxd5 {[%clk 01:28:32]} {[%emt 00:00:29]} cxd5 {[%emt
00:06:31]} 10. Qc2 {[%emt 00:02:19]} Bg4 {[%emt 00:08:13]} 11. Nd4 {[%emt
00:06:37]} Rc8 {[%clk 00:54:23]} {[%emt 00:00:56]} 12. Be2 {[%emt 00:05:37]} a6
{[%emt 00:02:25]} 13. Bxg4 {[%clk 01:06:57]} {[%emt 00:06:14]} Nxg4 {[%clk
00:53:17]} {[%emt 00:00:02]} 14. Nf3 {[%emt 00:16:40]} d4 {[%clk 00:33:04]}
{[%emt 00:13:00]} 15. Nxd4 {[%clk 00:53:08]} {[%emt 00:05:52]} Qh4 {[%clk
00:33:29]} {[%emt 00:00:06]} 16. Rf1 {[%clk 00:51:24]} {[%emt 00:02:14]} Rfe8
{[%clk 00:15:53]} {[%emt 00:18:06]} 17. Nf5 {[%clk 00:43:39]} {[%emt 00:08:14]}
Qd8 {[%clk 00:12:11]} {[%emt 00:03:03]} 18. Ke2 {[%clk 00:31:17]} {[%emt
00:14:03]} Ne5 {[%clk 00:07:42]} {[%emt 00:04:59]} 19. d4 {[%emt 00:08:58]}
Ncd3 {[%emt 00:07:55]} 20. a3 {[%emt 00:00:36]} Ba5 {[%emt 00:01:38]} 21. dxe5
{[%clk 00:18:04]} {[%emt 00:00:09]} Nxb2 {[%clk 00:04:24]} {[%emt 00:00:16]}
22. Nd6 {[%clk 00:17:14]} {[%emt 00:01:20]} Bxc3 {[%clk 00:02:48]} {[%emt
00:02:06]} 23. Nxc8 {[%clk 00:15:57]} {[%emt 00:01:46]} Qxc8 {[%clk 00:03:16]}
{[%emt 00:00:02]} 24. Rac1 {[%clk 00:15:26]} {[%emt 00:00:59]} Qc4+ {[%clk
00:03:30]} {[%emt 00:00:17]} 25. Kf3 {[%clk 00:15:29]} {[%emt 00:00:27]} Rxe5
{[%clk 00:02:19]} {[%emt 00:01:40]} 26. e4 {[%clk 00:13:15]} {[%emt 00:02:44]}
Nd3 {[%clk 00:02:11]} {[%emt 00:00:38]} 27. g4 {[%clk 00:11:55]} {[%emt
00:01:50]} Qxe4+ {[%clk 00:02:01]} {[%emt 00:00:40]} 28. Kg3 {[%clk 00:12:16]}
Qf4+ {[%clk 00:02:01]} 29. Kg2 {[%clk 00:12:16]} Qxg4+ {[%clk 00:02:44]} {[%emt
00:01:37]} 30. Kh1 {[%clk 00:11:53]} {[%emt 00:00:12]} Qf3+ {[%clk 00:03:12]}
{[%emt 00:00:01]} 31. Kg1 {[%clk 00:12:17]} {[%emt 00:00:06]} Rg5# {[%emt
00:00:01]} 1-0

[Event "DVM U20 2023"]
[Site "Magdeburg GER"]
[Date "2023.12.27"]
[Round "2"]
[White "Burian, Simon"]
[Black "Dauner, Benedikt"]
[Result "1/2-1/2"]
[Termination "normal"]
[Board "4.1"]
[BlackTitle "FM"]
[WhiteElo "2154"]
[BlackElo "2390"]
[WhiteClock "00:26:51"]
[BlackClock "00:13:32"]
[WhiteTeam "SK König Plauen"]
[BlackTeam "Karlsruher SF 1853"]
[PlyCount "97"]
[WhiteFideId "12956902"]
[BlackFideId "16225899"]
[EventCountry "GER"]
[EventRounds "7"]
[EventType "team-swiss"]
[EventDate "2023.12.26"]

1. e4 {[%clk 01:30:57]} {[%emt 00:00:02]} c5 {[%clk 01:30:38]} {[%emt
00:00:23]} 2. Nf3 {[%clk 01:31:18]} {[%emt 00:00:10]} e6 {[%clk 01:30:54]}
{[%emt 00:00:14]} 3. d4 {[%clk 01:31:42]} {[%emt 00:00:06]} cxd4 {[%clk
01:31:18]} {[%emt 00:00:06]} 4. Nxd4 {[%clk 01:32:07]} {[%emt 00:00:04]} Nc6
{[%clk 01:31:43]} {[%emt 00:00:05]} 5. Nc3 {[%clk 01:32:32]} {[%emt 00:00:05]}
a6 {[%clk 01:32:09]} {[%emt 00:00:04]} 6. Be3 {[%clk 01:32:37]} {[%emt
00:00:25]} Nf6 {[%clk 01:31:08]} {[%emt 00:01:32]} 7. Qf3 {[%clk 01:30:37]}
{[%emt 00:02:29]} Bb4 {[%clk 01:25:31]} {[%emt 00:06:07]} 8. Nxc6 {[%clk
01:27:25]} {[%emt 00:03:42]} bxc6 {[%clk 01:21:25]} {[%emt 00:04:36]} 9. Bd3
{[%clk 01:22:30]} {[%emt 00:05:24]} Qa5 {[%clk 00:42:03]} {[%emt 00:39:52]} 10.
O-O {[%clk 01:14:42]} {[%emt 00:08:18]} O-O {[%clk 00:41:47]} {[%emt 00:00:46]}
11. Ne2 {[%clk 01:08:27]} {[%emt 00:06:44]} e5 {[%clk 00:38:56]} {[%emt
00:03:22]} 12. a3 {[%clk 01:06:23]} {[%emt 00:02:34]} Be7 {[%clk 00:39:00]}
{[%emt 00:00:26]} 13. Qg3 {[%clk 00:58:55]} {[%emt 00:07:58]} d6 {[%clk
00:36:11]} {[%emt 00:03:19]} 14. h3 {[%clk 00:56:00]} {[%emt 00:03:25]} Qc7
{[%clk 00:34:23]} {[%emt 00:02:18]} 15. f4 {[%clk 00:47:04]} {[%emt 00:09:26]}
Nh5 {[%clk 00:29:56]} {[%emt 00:04:56]} 16. Qf3 {[%clk 00:45:11]} {[%emt
00:02:23]} Nxf4 {[%clk 00:30:09]} {[%emt 00:00:17]} 17. Nxf4 {[%clk 00:45:26]}
{[%emt 00:00:14]} exf4 {[%clk 00:30:33]} {[%emt 00:00:06]} 18. Qxf4 {[%clk
00:45:31]} {[%emt 00:00:25]} Bf6 {[%clk 00:28:55]} {[%emt 00:02:09]} 19. Rab1
{[%clk 00:44:22]} {[%emt 00:01:39]} Be6 {[%clk 00:27:55]} {[%emt 00:01:29]} 20.
Qg3 {[%clk 00:42:31]} {[%emt 00:02:20]} Be5 {[%clk 00:27:46]} {[%emt 00:00:40]}
21. Bf4 {[%clk 00:41:31]} {[%emt 00:01:30]} c5 {[%clk 00:27:06]} {[%emt
00:01:10]} 22. b3 {[%clk 00:37:51]} {[%emt 00:04:09]} a5 {[%clk 00:26:19]}
{[%emt 00:01:18]} 23. a4 {[%clk 00:36:13]} {[%emt 00:02:08]} Rab8 {[%clk
00:22:59]} {[%emt 00:03:50]} 24. Qf3 {[%clk 00:29:34]} {[%emt 00:07:09]} c4
{[%clk 00:14:48]} {[%emt 00:08:40]} 25. bxc4 {[%clk 00:29:18]} {[%emt
00:00:48]} Bxc4 {[%clk 00:14:58]} {[%emt 00:00:18]} 26. Bxe5 {[%clk 00:26:54]}
{[%emt 00:02:54]} dxe5 {[%clk 00:15:20]} {[%emt 00:00:08]} 27. Qe2 {[%clk
00:24:10]} {[%emt 00:03:14]} Be6 {[%clk 00:15:29]} {[%emt 00:00:22]} 28. Rb5
{[%clk 00:19:21]} {[%emt 00:05:18]} Qc3 {[%clk 00:09:21]} {[%emt 00:06:38]} 29.
Kh2 {[%clk 00:17:06]} {[%emt 00:02:46]} Ra8 {[%clk 00:05:29]} {[%emt 00:04:22]}
30. Qe1 {[%clk 00:14:27]} {[%emt 00:03:09]} Qc7 {[%clk 00:05:13]} {[%emt
00:00:46]} 31. Qb1 {[%clk 00:11:58]} {[%emt 00:02:59]} Ra7 {[%clk 00:03:10]}
{[%emt 00:02:32]} 32. Qb2 {[%clk 00:09:15]} {[%emt 00:03:13]} Bd7 {[%clk
00:02:14]} {[%emt 00:01:27]} 33. Rd5 {[%clk 00:09:18]} {[%emt 00:00:26]} f6
{[%clk 00:01:01]} {[%emt 00:01:43]} 34. Bb5 {[%clk 00:08:34]} {[%emt 00:01:15]}
Be6 {[%clk 00:01:19]} {[%emt 00:00:11]} 35. Rd2 {[%clk 00:06:56]} {[%emt
00:02:05]} Qc5 {[%clk 00:00:43]} {[%emt 00:01:10]} 36. Rfd1 {[%clk 00:06:29]}
{[%emt 00:00:56]} Rc7 {[%clk 00:00:53]} {[%emt 00:00:20]} 37. Rd6 {[%clk
00:04:07]} {[%emt 00:02:53]} Bf7 {[%clk 00:01:16]} {[%emt 00:00:07]} 38. Rd8
{[%clk 00:02:15]} {[%emt 00:02:23]} Rc8 {[%clk 00:01:26]} {[%emt 00:00:19]} 39.
Rxf8+ {[%clk 00:01:58]} {[%emt 00:00:47]} Rxf8 {[%clk 00:01:23]} {[%emt
00:00:33]} 40. Qc1 {[%clk 00:01:24]} {[%emt 00:01:03]} Rc8 {[%clk 00:00:34]}
{[%emt 00:01:19]} 41. Qd2 {[%clk 00:30:26]} {[%emt 00:01:28]} Bh5 {[%clk
00:21:27]} {[%emt 00:09:38]} 42. Bd7 {[%clk 00:24:29]} {[%emt 00:06:27]} Bxd1
{[%clk 00:14:46]} {[%emt 00:07:10]} 43. Bxc8 {[%clk 00:24:48]} {[%emt
00:00:12]} Qxc8 {[%clk 00:12:34]} {[%emt 00:02:41]} 44. Qxd1 {[%clk 00:25:08]}
{[%emt 00:00:10]} Qc3 {[%clk 00:12:04]} {[%emt 00:01:00]} 45. Qd8+ {[%clk
00:25:16]} {[%emt 00:00:22]} Kf7 {[%clk 00:12:29]} {[%emt 00:00:05]} 46. Qd7+
{[%clk 00:25:41]} {[%emt 00:00:05]} Kf8 {[%clk 00:12:42]} {[%emt 00:00:16]} 47.
Qd8+ {[%clk 00:25:58]} {[%emt 00:00:13]} Kf7 {[%clk 00:13:07]} {[%emt
00:00:05]} 48. Qd7+ {[%clk 00:26:25]} {[%emt 00:00:03]} Kf8 {[%clk 00:13:32]}
{[%emt 00:00:05]} 49. Qd8+ {[%clk 00:26:51]} {[%emt 00:00:04]} 1/2-1/2

[Event "DVM U20 2023"]
[Site "Magdeburg GER"]
[Date "2023.12.27"]
[Round "2"]
[White "Fidlin, Simon"]
[Black "Melestean, Timur"]
[Result "1/2-1/2"]
[Termination "normal"]
[Board "4.2"]
[WhiteElo "2122"]
[BlackElo "1892"]
[WhiteClock "00:41:31"]
[BlackClock "00:24:28"]
[WhiteTeam "Karlsruher SF 1853"]
[BlackTeam "SK König Plauen"]
[PlyCount "72"]
[WhiteFideId "16217535"]
[BlackFideId "16280385"]
[EventCountry "GER"]
[EventRounds "7"]
[EventType "team-swiss"]
[EventDate "2023.12.26"]

1. e4 {[%clk 01:30:58]} e5 {[%clk 01:30:57]} {[%emt 00:00:04]} 2. Nf3 {[%clk
01:31:20]} {[%emt 00:00:08]} Nc6 {[%clk 01:31:23]} {[%emt 00:00:04]} 3. Bc4
{[%clk 01:31:07]} {[%emt 00:00:42]} Bc5 {[%clk 01:31:46]} {[%emt 00:00:07]} 4.
d3 {[%clk 01:31:15]} {[%emt 00:00:21]} Nf6 {[%clk 01:32:06]} {[%emt 00:00:10]}
5. c3 {[%clk 01:30:58]} {[%emt 00:00:48]} d6 {[%clk 01:32:21]} {[%emt
00:00:15]} 6. O-O {[%clk 01:30:28]} {[%emt 00:01:00]} a6 {[%clk 01:31:57]}
{[%emt 00:00:54]} 7. a4 {[%clk 01:30:31]} {[%emt 00:00:27]} Ba7 {[%clk
01:32:04]} {[%emt 00:00:22]} 8. Re1 {[%clk 01:29:53]} {[%emt 00:01:08]} O-O
{[%clk 01:32:23]} {[%emt 00:00:12]} 9. h3 {[%clk 01:30:17]} {[%emt 00:00:06]}
h6 {[%clk 01:32:46]} {[%emt 00:00:07]} 10. Nbd2 {[%clk 01:30:34]} {[%emt
00:00:13]} Re8 {[%clk 01:32:47]} {[%emt 00:00:29]} 11. b4 {[%clk 01:26:55]}
{[%emt 00:04:08]} Be6 {[%clk 01:32:38]} {[%emt 00:00:38]} 12. Qc2 {[%clk
01:26:01]} {[%emt 00:01:25]} d5 {[%clk 01:30:47]} {[%emt 00:02:21]} 13. exd5
{[%clk 01:25:11]} {[%emt 00:01:20]} Bxd5 {[%clk 01:31:00]} {[%emt 00:00:18]}
14. Bxd5 {[%clk 01:20:10]} {[%emt 00:05:30]} Qxd5 {[%clk 01:25:47]} {[%emt
00:05:42]} 15. Ne4 {[%clk 01:19:08]} {[%emt 00:01:32]} Nxe4 {[%clk 01:22:17]}
{[%emt 00:04:02]} 16. dxe4 {[%clk 01:19:19]} {[%emt 00:00:18]} Qe6 {[%clk
01:22:28]} {[%emt 00:00:19]} 17. Be3 {[%clk 01:16:38]} {[%emt 00:03:11]} Bxe3
{[%clk 01:21:39]} {[%emt 00:01:19]} 18. Rxe3 {[%clk 01:16:59]} {[%emt
00:00:07]} Rad8 {[%clk 01:19:23]} {[%emt 00:02:45]} 19. Rd1 {[%clk 01:16:21]}
{[%emt 00:01:08]} Rxd1+ {[%clk 00:53:19]} {[%emt 00:26:36]} 20. Qxd1 {[%clk
01:16:43]} {[%emt 00:00:08]} Rd8 {[%clk 00:53:39]} {[%emt 00:00:09]} 21. Rd3
{[%clk 01:17:05]} {[%emt 00:00:08]} Rxd3 {[%clk 00:54:02]} {[%emt 00:00:08]}
22. Qxd3 {[%clk 01:17:30]} {[%emt 00:00:05]} Qd6 {[%clk 00:53:50]} {[%emt
00:00:43]} 23. Qe2 {[%clk 01:09:31]} {[%emt 00:08:27]} a5 {[%clk 00:38:40]}
{[%emt 00:15:40]} 24. b5 {[%clk 01:06:56]} {[%emt 00:03:05]} Nd8 {[%clk
00:39:09]} 25. Nd2 {[%clk 01:02:52]} {[%emt 00:04:34]} Qa3 {[%clk 00:36:06]}
{[%emt 00:03:32]} 26. Qc4 {[%clk 01:01:37]} {[%emt 00:01:46]} Qc1+ {[%clk
00:33:01]} {[%emt 00:03:35]} 27. Nf1 {[%clk 01:02:01]} {[%emt 00:00:06]} Ne6
{[%clk 00:33:27]} {[%emt 00:00:05]} 28. g3 {[%clk 00:55:10]} {[%emt 00:07:20]}
Qa3 {[%clk 00:32:02]} {[%emt 00:01:54]} 29. Ne3 {[%clk 00:55:22]} {[%emt
00:00:19]} Qc5 {[%clk 00:31:41]} {[%emt 00:00:51]} 30. Qd3 {[%clk 00:52:20]}
{[%emt 00:03:31]} Qd6 {[%clk 00:26:02]} {[%emt 00:06:11]} 31. Qxd6 {[%clk
00:45:51]} {[%emt 00:06:58]} cxd6 {[%clk 00:26:31]} {[%emt 00:00:01]} 32. Nc4
{[%clk 00:46:10]} {[%emt 00:00:11]} Nc5 {[%clk 00:26:37]} {[%emt 00:00:24]} 33.
Nxa5 {[%clk 00:45:04]} {[%emt 00:01:35]} Kf8 {[%clk 00:23:08]} {[%emt
00:04:00]} 34. Nc4 {[%clk 00:42:14]} {[%emt 00:03:20]} Nxa4 {[%clk 00:23:36]}
{[%emt 00:00:02]} 35. Nxd6 {[%clk 00:42:27]} {[%emt 00:00:16]} Nxc3 {[%clk
00:24:00]} {[%emt 00:00:06]} 36. Nxb7 {[%clk 00:41:31]} {[%emt 00:01:25]} Nxb5
{[%clk 00:24:28]} {[%emt 00:00:02]} 1/2-1/2